The complete technology book on alcoholic and non-alcoholic beverages: (Record no. 28612)

MARC details
000 -LEADER
fixed length control field 00864nam a22002057a 4500
005 - DATE AND TIME OF LATEST TRANSACTION
control field 20090724112158.0
008 - FIXED-LENGTH DATA ELEMENTS--GENERAL INFORMATION
fixed length control field 090724t xxu||||| |||| 00| 0 eng d
010 ## - LCCN (DPL NO)
LC control number ENG-94535
020 ## - INTERNATIONAL STANDARD BOOK NUMBER
International Standard Book Number 9788178330402
Terms of availability 2575.00
035 ## - SYSTEM CONTROL NUMBER
System control number EN-78068
037 ## - SOURCE OF ACQUISITION
Source of stock number/acquisition DBAD / PUB
040 ## - CATALOGING SOURCE
Original cataloging agency dpl
Language of cataloging English
082 ## - DEWEY DECIMAL CLASSIFICATION NUMBER
Classification number 663.1
245 ## - TITLE STATEMENT
Title The complete technology book on alcoholic and non-alcoholic beverages:
Statement of responsibility, etc by NPCS Board & Consultants & Engineers
Remainder of title (fruits juices, whisky, beer, rum and wine) /
260 ## - PUBLICATION, DISTRIBUTION, ETC. (IMPRINT)
Place of publication, distribution, etc Delhi
Name of publisher, distributor, etc Asia Pacific Business
Date of publication, distribution, etc (200?)
270 ## - ADDRESS
Address 106-E, Kamla Nagar,
City Delhi
Postal code 110007
300 ## - PHYSICAL DESCRIPTION
Extent xvi, 808p.
Dimensions 25cm(Hb)
942 ## - ADDED ENTRY ELEMENTS (KOHA)
Source of classification or shelving scheme Dewey Decimal Classification
Item type English Books
Call number suffix COM
Classification part 663.1
Holdings
Withdrawn status Lost status Source of classification or shelving scheme Damaged status Not for loan Collection code Home library Current library Date acquired Source of acquisition Cost, normal purchase price Total Checkouts Full call number Barcode Date last seen Copy number Cost, replacement price Koha item type
    Dewey Decimal Classification   Not For Loan Non-fiction D.B.Act.Division D.B.Act.Division 24/07/2009 DBAD / PUB 2575.00   663.1 COM EN-78068 24/07/2009 1 2575.00 English Books

© Delhi Public Library
Hit Counter
free hit counter